Calculus on manifolds : a modern approach to classical theorems of advanced calculus

Αποθηκεύτηκε σε:
Λεπτομέρειες βιβλιογραφικής εγγραφής
Κύριος συγγραφέας: Spivak, Michael
Μορφή: Βιβλίο
Γλώσσα:English
Δημοσίευση: California : The Benjamin/Cummings Publishing Company, 1965.
Θέματα:
Ετικέτες: Προσθήκη ετικέτας
Δεν υπάρχουν, Καταχωρήστε ετικέτα πρώτοι!

MARC

LEADER 00000cam a2200000 i 4500
001 1/54122
008 941103s1965 cau| ||| |||| ||eng||
020 |a 0805390219  
035 |a 1988  |c ΙΩΑΝΝΙΔΗΣ  |l 10044903 
040 |a GR-MyUA  |b gre  |e AACR2 
041 0 |a eng 
082 0 |a 515.43 
100 1 |a Spivak, Michael. 
245 1 0 |a Calculus on manifolds :   |b a modern approach to classical theorems of advanced calculus /   |c Michael Spivak.  
260 |a California :   |b The Benjamin/Cummings Publishing Company,   |c 1965.  
300 |a 146 σ. ;   |c 21 εκ.  
650 0 0 |a Calculus. 
650 0 0 |a Manifolds (Mathematics) 
767 0 8 |i Μεταφρασμένο ως:   |t Λογισμός σε πολλαπλότητες :  
852 |a INST  |b SAMOS  |e 19941103  |h 515.43 SPI  |p 005300004911  |q 005300004911  |t BK  |y 0 
909 |a Σ  |b 011470